000 00516nam a2200145 4500
999 _c15940
_d15940
008 210120b ||||| |||| 00| 0 eng d
022 _a0732-8435
082 _aDPer 657.05 C33 Sept - Mar 2015, v. 85 - 86
100 _aBetman, Ronald S.
_942768
245 _aTrends in SEC enforcement:
_bwhat CPAs need to know/
_cRonald S. Betman.
260 _aNew York:
_bThe New York State Society of CPA,
_c©2015.
300 _av86 n3, pages 22-26:
_billustrations;
_c28 cm.
650 _aAccounting.
_942769
942 _2ddc
_cPER